000
00326nam a22001457a 4500
003
OSt
008
240429b |||||||| |||| 00| 0 eng d
020
_a
9780578973838
100
_a
HUO,Kevin
245
_a
Ace The Data Science Interview
260
_a
-
_b
-
_c
2021
300
_a
290
700
_a
Singh,Nick
942
_2
ddc
_c
REF
999
_c
12580
_d
12580